Weed science; វិទ្យាសាស្រ្តរុក្ខជាតិចង្រៃ (Record no. 9306)
[ view plain ]
| 000 -LEADER | |
|---|---|
| fixed length control field | 00307nam a22001097a 4500 |
| 040 ## - CATALOGING SOURCE | |
| Transcribing agency | 571 |
| 100 ## - MAIN ENTRY--AUTHOR NAME | |
| Personal name | KUY SOPHAL; គួយ សុផល |
| 245 ## - TITLE STATEMENT | |
| Title | Weed science; វិទ្យាសាស្រ្តរុក្ខជាតិចង្រៃ |
| 260 ## - PUBLICATION, DISTRIBUTION, ETC. (IMPRINT) | |
| Place of publication | RUA |
| Name of publisher | KUY |
| Year of publication | 1994 |
| 300 ## - PHYSICAL DESCRIPTION | |
| Number of Pages | 47p. |
| 942 ## - ADDED ENTRY ELEMENTS (KOHA) | |
| Koha item type | សៀវភៅភាសាខ្មែរ |
No items available.